| 000 | 00800nam a2200193 a 4500 | ||
|---|---|---|---|
| 001 | 000041165 | ||
| 005 | 20201002034655.0 | ||
| 008 | 130920s1992 sp 000 0 spa d | ||
| 020 | _a8400072359 | ||
| 040 |
_aDO-SdBNP _bspa _cBNPHU |
||
| 100 | 1 |
_aPuerto Sarmiento, Francisco Javier _967721 |
|
| 245 | 1 | 3 |
_aCiencia de cámara : _bCasimiro Gómez Ortega (1741-1818), el científico cortesano / _cFrancisco Javier Puerto Sarmiento. |
| 260 |
_aMadrid : _bConsejo Superior de Investigaciones Científicas, _c1992. |
||
| 300 |
_aXVIII, 369 p : _bil. ; _c22 cm. |
||
| 490 | 1 |
_aEstudios sobre la ciencia _v17 |
|
| 504 | _aIncluye referencias bibliográficas y notas al pie de las páginas | ||
| 710 | 2 |
_aConsejo Superior de Investigaciones Científicas _94786 |
|
| 830 | 0 |
_aEstudios sobre la ciencia _v17 _938739 |
|
| 999 |
_c40655 _d40655 |
||